|
|
|
|
| LEADER |
00000nab a2200000 a 4500 |
| 001 |
vtls010069972 |
| 003 |
SK-MaSNL |
| 005 |
20260304195310.0 |
| 008 |
250708c2009 xo |||||||||||000 b|slo |
| 015 |
|
|
|a SNBRB2010/03
|2 snkbucl
|
| 035 |
|
|
|a (sysno)vtls010069972
|
| 035 |
|
|
|a urn:nbn:sk:snk-ab7370
|
| 035 |
|
|
|a (uuid)ea99fa78-a7ee-4957-a908-6cc4e58c90f1
|
| 035 |
|
|
|a (urnnbn)urn:nbn:sk:snk:ar-a06rcb
|
| 038 |
|
|
|a SNKBUCL
|
| 040 |
|
|
|a SNKBUCL
|b slo
|c SNKBUCL
|e AACR2
|
| 041 |
0 |
|
|a slo
|b eng
|b slo
|
| 044 |
|
|
|a xo
|c SK
|
| 080 |
|
|
|a 621.74.043.01:620.17
|2 2001
|
| 080 |
|
|
|a 669-14
|2 2001
|
| 080 |
|
|
|a 620.17
|2 2001
|
| 100 |
1 |
|
|a Malik, Jozef,
|d 1951-
|4 aut
|9 257784
|
| 245 |
1 |
0 |
|a Vplyv technologických faktorov tlakového liatia na mechanické vlastnosti odliatkov
|c Jozef Malik, Štefan Gašpár, Ján Paško
|
| 246 |
3 |
1 |
|a Impact of technological factors of pressure die casting on mechanical properties of castings
|
| 300 |
|
|
|b Grafy, sch., tab.
|
| 504 |
|
|
|a Bibliogr. odkazy
|
| 546 |
|
|
|a Res. angl., slov.
|
| 650 |
0 |
7 |
|a tlakové odlievanie kovov
|2 snkbucl
|9 418546
|
| 650 |
0 |
7 |
|a technologické procesy
|2 snkbucl
|9 28633
|
| 650 |
0 |
7 |
|a kovové odliatky
|2 snkbucl
|9 69196
|
| 650 |
0 |
7 |
|a mechanické vlastnosti materiálov
|2 snkbucl
|9 74557
|
| 650 |
0 |
7 |
|a kvalita výrobkov
|2 snkbucl
|9 30963
|
| 650 |
0 |
7 |
|a experimentálny výskum
|2 snkbucl
|9 71790
|
| 700 |
1 |
|
|a Gašpár, Štefan
|4 aut
|9 358477
|
| 700 |
1 |
|
|a Paško, Ján
|4 aut
|9 9382
|
| 773 |
0 |
|
|t Výrobné inžinierstvo = Manufacturing engineering
|g Roč. VIII, č. 4 (2009), s. 32-33 a 37
|x 1335-7972
|
| 850 |
|
|
|a Slovenská národná knižnica
|
| 852 |
|
|
|a Slovenská národná knižnica
|
| 954 |
|
|
|a odborná, vedecká literatúra pôvodná (slovenská)
|2 lita
|
| 958 |
|
|
|a article27
|
| 958 |
|
|
|a NB
|
| 958 |
|
|
|a OND
|
| 958 |
|
|
|a EUIPO
|
| 999 |
|
|
|c 3080813
|d 3082743
|